La escuela por dentro : la etnografía en la investigación educativa.

Saved in:
Bibliographic Details
Main Author: Woods, Peter (autor)
Other Authors: Galmarini, Marcos Aurelio, tr (autor) tr, (autor)
Format: Book
Language:Español
English
Series:(Temas de educación ;
Subjects:
Tags: Add Tag
No Tags, Be the first to tag this record!

MARC

LEADER 00000nam^a2200000^u^4500
001 000496223
005 20250521000000.0
008 060228s1000^^^^^^^^^^^^r^^^^^000^0^spa^d
009 20260310125606.18
022 |a 8475094422 
035 |a FCE 000039687 
037 |a Acervo ITESO - Biblioteca 
041 |a spa  |h eng 
082 0 4 |a 370.78  |b WOOe 
100 |a Woods, Peter  |e (autor) 
245 1 3 |a La escuela por dentro :  |b la etnografía en la investigación educativa. 
264 |a Barcelona :  |b Paidós : SAICF,  |c 1987. 
300 |a 220 p. 
336 |a texto  |b txt  |2 rdacontenido 
337 |a sin mediación  |b n  |2 rdamedio 
338 |a volumen  |b nc  |2 rdasoporte 
440 1 |a (Temas de educación ;  |n 2) 
596 |a Traducción de : Inside Schools. 
649 |a XX 
650 |a Metodología de la investigación 
650 |a Etnografía 
650 |a Investigación educativa 
700 |a Galmarini, Marcos Aurelio,  |e tr  |e (autor) 
910 |a Fondo Centro de Estudios Educativos 
920 |a Impresos - Libros 
930 |a Fondos Especiales 
905 |a 133 
901 |a ALE039766  |b IT2  |c CEE  |u 20250521 
902 |a https://opac.biblio.iteso.mx/vufind/Record/000496223